Flaggen, aber ich habe reingezoomt. - Statistiken

Allgemein
  • Dieses Quiz wurde 94 mal gespielt
  • Das Durchschnittsergebnis liegt bei 17 aus 20
Antwortstatistiken
Bildquiz Antwort % Korrekt
Brasilien
99%
Indien
98%
Kroatien
98%
Vereinigte Staaten
96%
Irak
95%
Libanon
95%
Türkei
95%
Südafrika
94%
Ägypten
93%
Argentinien
93%
Spanien
91%
Norwegen
86%
Slowenien
85%
Haiti
79%
Oman
78%
Saint Lucia
76%
Kiribati
73%
Togo
72%
Belize
66%
Guyana
65%
Keine übereinstimmenden Quizze gefunden
Verteilung der Resultate
Anzahl Personen mit jedem Resultat
Perzentil nach korrekt beantworteten Fragen
Ihre Resultats-Entwicklung
Sie haben dieses Quiz noch nicht gespielt